| 000 | 00765nam a2200229Ia 4500 | ||
|---|---|---|---|
| 003 | OSt | ||
| 005 | 20220926022032.0 | ||
| 006 | a|||||r|||| 00| 0 | ||
| 007 | ta | ||
| 008 | 220923b |||||||| |||| 00| 0 eng d | ||
| 037 | _cGeneral Book | ||
| 040 |
_aRTL _cRTL _beng |
||
| 041 |
_2eng _aeng |
||
| 082 | _aV1N45,93:3(X).63.N71<--N70r, L1.1/UN | ||
| 110 | _aUnited Nations, Economic and social council | ||
| 245 | 0 | _aEconomic commission for the Africa annual report (15th Feb. 1970- 13 Feb 1971). | |
| 260 |
_aNew York _bUnited Nations _c1971 |
||
| 300 |
_avii;173p _ccm. |
||
| 700 | _aUnited Nations, Economic and social council | ||
| 942 |
_hV1N45,93:3(X).63.N71<--N70r, L1.1/UN _cGB _2CC |
||
| 999 |
_c638322 _d638322 |
||